banner koha

Alteração do campo visual em função do uso de cabinas em tratores agrícolas (Registro n. 244323)

MARC details
000 -LÍDER
campo de controle de tamanho fixo 01040nas a2200325 4500
001 - NÚMERO DE CONTROLE
campo de controle BR2015003414
003 - IDENTIFICADOR DO NÚMERO DE CONTROLE
campo de controle BR-BrBNA
005 - DATA E HORÁRIO DA ÚLTIMA TRANSAÇÃO
campo de controle 20231205125428.0
007 - CAMPO FIXO DE DESCRIÇÃO FÍSICA--INFORMAÇÃO GERAL
campo de controle de tamanho fixo ta
008 - CAMPO DE DADOS FIXOS--INFORMAÇÃO GERAL
campo de controle de tamanho fixo 230509b bl.|||p| |||| 00| 00por d
040 ## - FONTE DA CATALOGAÇÃO
Instituição da catalogação original BR-BrBNA
Idioma da catalogação por
Instituição que transcreveu o registro Biblioteca Nacional de Agricultura
041 ## - CÓDIGO DE IDIOMA
Código do idioma do texto/trilha sonora ou título diferente (Pt)
072 ## - CÓDIGO DE CATEGORIA DE ASSUNTO
Código de Categoria de Assunto N20
100 1# - ENTRADA PRINCIPAL--NOME PESSOAL
Nome pessoal Schlosser, J.F.
100 1# - ENTRADA PRINCIPAL--NOME PESSOAL
Nome pessoal Dallmeyer, A.
100 1# - ENTRADA PRINCIPAL--NOME PESSOAL
Nome pessoal Debiasi, H.
100 1# - ENTRADA PRINCIPAL--NOME PESSOAL
Nome pessoal Menegas, M.T.
100 1# - ENTRADA PRINCIPAL--NOME PESSOAL
Nome pessoal Nietiedt, G.H.
245 1# - TÍTULO
Título Alteração do campo visual em função do uso de cabinas em tratores agrícolas
246 1# - FORMA VARIANTE DO TÍTULO
Título/título abreviado Alteration of the visual field in function of the use of cabins in agricultural tractors
650 ## - ASSUNTO--TERMO TÓPICO
Cabeçalho tópico ou nome geográfico TRATOR
650 ## - ASSUNTO--TERMO TÓPICO
Cabeçalho tópico ou nome geográfico ERGONOMIA
650 ## - ASSUNTO--TERMO TÓPICO
Cabeçalho tópico ou nome geográfico VEICULO
650 ## - ASSUNTO--TERMO TÓPICO
Cabeçalho tópico ou nome geográfico MAQUINA AGRICOLA
650 ## - ASSUNTO--TERMO TÓPICO
Cabeçalho tópico ou nome geográfico VISAO
773 0# - ENTRADA ANALÍTICA
Título Engenharia Agrícola (Brazil)
ISSN - International Standard Serial Number ISSN 1809-4430
Partes relacionadas (Mar-Apr 2011), v. 31(2) p. 359-366
Número de controle do registro BR2015003414
856 40 - LOCALIZAÇÃO ELETRÔNICA E ACESSO
Uniform Resource Identifier <a href="http://www.scielo.br/pdf/eagri/v31n2/a16v31n2.pdf">http://www.scielo.br/pdf/eagri/v31n2/a16v31n2.pdf</a>
909 ## -
-- 202311
-- Lúcia
-- 55
-- Lúcia Elande
942 ## - ELEMENTOS DE ENTRADA ADICIONADOS (KOHA)
Fonte da classificação ou esquema de arquivamento na estante Classificação AGRIS
Ocultar no OPAC Não
Tipo de material Koha Analítica
Exemplares
Situação do descarte Fonte da classificação ou esquema de arquivamento na estante Situação física Não pode ser emprestado Biblioteca de origem Biblioteca atual Localização na estante Enumeração do periódico / cronologia Total de empréstimos Data de último acesso Número do exemplar Tipo de material Koha Fonte de aquisição
  Classificação AGRIS   Consulta local Biblioteca Nacional de Agricultura - Binagri Biblioteca Nacional de Agricultura - Binagri   (Mar-Apr 2011), v. 31(2) p. 359-366   29/11/2023 01 Periódicos Portaria Interministerial nº 164/94

BINAGRI

Telefone: (61)3218-2567/2388/3357/2097 - binagri@agro.gov.br

Ministério da Agricultura e Pecuária , Esplanada dos Ministérios, Bloco D, Anexo B, Brasília/DF, CEP: 70.043-900